000 00707nam a22002057a 4500
003 0
005 20230824085032.0
008 230824b xxu||||| |||| 00| 0 eng d
020 _a978-971-550-898-8
050 _aJA 79
_b.K87 2019
100 _aKusaka, Wataru
245 _aMoral politics in the Philippines : inequality, democracy, and the urban poor.
_cWataru Kusaka
260 _aQuezon City
_bAteneo de Manila University Press
_cc2019.
300 _axviii, 342 pages ;
_c23 cm.
500 _aPolitical ethics--Philippines.
504 _aIncludes bibliographical references.
650 _aPolitical ethics--Philippines.
650 _aPolitical participation--Philippines.
942 _2lcc
_cBK
999 _c365201
_d365201